| 000 | 00824nam a2200265 4500 | ||
|---|---|---|---|
| 001 | 3125384 | ||
| 003 | OSt | ||
| 005 | 20250901165746.0 | ||
| 008 | 690424s1969 nyu 001 0 eng | ||
| 010 | _a 69013666 | ||
| 020 | _a0670119911 | ||
| 040 |
_aDLC _cDLC _dDLC |
||
| 050 | 0 | 0 |
_aE 851 .C45 1968 _b.C45 |
| 082 | 0 | 0 | _a329/.023/0973 |
| 100 | 1 | _aChester, Lewis. | |
| 245 | 1 | 3 |
_aAn American melodrama; _bthe presidential campaign of 1968 _c[by] Lewis Chester, Godfrey Hodgson [and] Bruce Page. |
| 260 |
_aNew York, _bViking Press _c[1969] |
||
| 300 |
_axv, 814 p. _c25 cm. |
||
| 350 | _a10.00 | ||
| 650 | 0 |
_aPresidents _zUnited States _xElection _y1968. |
|
| 700 | 1 |
_aHodgson, Godfrey, _ejoint author. |
|
| 700 | 1 |
_aPage, Bruce, _ejoint author. |
|
| 906 |
_a7 _bcbc _corignew _du _encip _f19 _gy-gencatlg |
||
| 942 |
_2lcc _cBK |
||
| 999 |
_c8864 _d8864 |
||